| 000 | 00828nam a22002175i 4500 | ||
|---|---|---|---|
| 001 | 156106 | ||
| 003 | ES-MaACL | ||
| 005 | 20250809062559.0 | ||
| 008 | 970605m18921893sp |||| | spa d | ||
| 040 |
_aCLM _bspa _cCCPB | SIC |
||
| 100 | 1 |
_aIsern y Marco, Damián, _d1852-1914 _965561 |
|
| 245 | 1 | 0 |
_aDe las formas de Gobierno ante la ciencia jurídica y los hechos / _cpor Damián Isern. |
| 260 |
_aMadrid : _b[s.n.], _c1892-1893 ( _fTip. de Manuel G. Hernández) |
||
| 300 |
_a2 v. ; _c17 cm. |
||
| 505 | 8 | _aContiene : Primera parte : De la Monarquía (XIV, 398, [8] p.) -- Segunda parte : De la república ([8], 382, [40] p.) | |
| 650 | 4 |
_aDerecho- _xFilosofía _911620 |
|
| 650 | 4 |
_aPolítica- _xFilosofía _916274 |
|
| 752 |
_aEspaña - _dMadrid |
||
| 852 |
_aES-MaACL _jF-12785 _z-- Enc. hol. |
||
| 999 |
_c156106 _d156106 |
||